Statistics for Egypt A-Z

Click here to take the quiz!

General Stats

  • This quiz has been taken 466 times
    (416 since last reset)
  • The average score is 18 of 26

Answer Stats

HintAnswer% Correct
AOfficial languageArabic
99%
NEgypt's main riverNile
97%
GPyramid complex localGiza
93%
RBordering sea to the eastRed Sea
92%
PAncient paper-like materialPapyrus
90%
QMost daily-read bookQuran
90%
WThey got voting rights in 1956Women
89%
HAncient form of writingHieroglyphs
88%
JPeople that escaped to Mount SinaiJews
87%
UIndependence from this countryUnited Kingdom
84%
VBurial place of the major royal
figures of the New Kingdom
{Valley} of the
Kings
77%
LCity formerly known as "Thebes"Luxor
74%
CChristian ethnic groupCopts
73%
DWhat Aswan isDam
73%
OEgyptian god of the deadOsiris
72%
FEgypt was part of this
historical region
{Fertile}
Crescent
64%
XPersian king who became the
pharaoh of Egypt in 486 B.C.
Xerxes
62%
BAbout 1 million of these nomadic
people reside in Egypt
Bedouins
57%
YWar of 1973Yom Kippur
53%
SThe "Egyptian Messi"Salah
49%
MPresident overthrown in 2011Mubarak
45%
TCairo city square site of
massive Arab Spring protests
Tahrir
40%
IHistory's first architect and doctorImhotep
38%
ETown where Rommel's tanks
were pushed back in WWII
El Alamein
32%
KPharaoh who commissioned
the Great Pyramid of G
Khufu
28%
ZMajor city in the Nile deltaZagazig
6%

Score Distribution

Percentile by Number Answered

Percent of People with Each Score

Your Score History

You have not taken this quiz since the last reset